000 01186nam a2200289 a 4500
001 75980
003 BD-RjUL
005 20211209082754.0
008 190928s2018 bg a|||| bm|| 00| 0 eng d
035 _a(BD-RjUL)76199
040 _aBD-RjUL
_beng
_cBD-RjUL
_dBD-RjUL
041 _aeng
082 _223
_bMOP 2018
_a346.048
100 1 _aMostafa, Md. Alam
_9233261
245 1 0 _aPotentials of Geographical Indications in Bangladesh:
_bQuest for a regulatory framework /
_cMd. Alam Mostafa ;
_6Supervisor: Begum Asma Siddiqua
260 _aRajshahi :
_bInstitute of Bangladesh Studies, University of Rajshahi,
_c2018
300 _axix, 298 leaves :
_bIll. ;
_c29 cm.
502 _aThesis (Ph. D.) -- Institute of Bangladesh Studies, University of Rajshahi, 2018
504 _aBibliography: Leaves 219-223
650 _aWorld Trade Organization.
_9233263
650 _aForeign trade regulation.
_9233267
650 _aIntellectual property (International law)
_9233264
650 _aMarks of origin
_xLaw and legislation.
_9233265
650 _aNames, Geographical
_xLaw and legislation
_9233266
700 _aSiddiqua, Begum Asma, Supervisor
_9233262
942 _2ddc
_cTHE
999 _c75980
_d75980